000 00848nam a22001817a 4500
003 UA-OsUOA
001 18271
007 ta
008 20040426b un ||||| |||| 00| 0 ukr d
100 _aТубіна С.
942 _cSA
040 _aUA-OsUOA
_cUA-OsUOA
_dUA-OsUOA
245 _aЩоб "червоний півень" обминав ліси
_b[На базі Клесівського держлісгоспу Сарнен. р-ну проведено галузеву нараду-семінар, щоб перевірити готовність п-в ДЛГО "Рівнеліс" до роботи у пожежнонебезпечний період]
300 _aС.2
955 _a0
773 0 _w0
_tВісті Рівненщини
_dРівне
_d2004
_g№34/35/ 9 квіт./
650 7 _aКраєзнавча робота
_2UDC
999 _c304442
_d304442